[Event "8th RTU Open 2018"]
[Site "Riga"]
[Date "2018.08.07"]
[Round "3"]
[White "Lapshun, Yury"]
[Black "Kretainis, Kristaps"]
[Result "1-0"]
[WhiteElo "2403"]
[BlackElo "2235"]
[Annotator "NA"]
[PlyCount "81"]
[EventDate "2018.08.06"]
[EventType "swiss"]
[EventCountry "LAT"]
[SourceTitle "playchess.com"]
[Source "ChessBase"]
[SourceQuality "1"]
[TimeControl "5400+30"]

1. d4 {[%emt 0:12:04]} Nf6 {[%emt 0:00:00]} 2. c4 {[%emt 0:00:07]} e6 {[%emt 0:00:00]} 3. Nf3 {[%emt 0:00:11]} Bb4+ {[%emt 0:00:00]} 4. Bd2 {[%emt 0:00:15]} Bxd2+ {[%emt 0:00:00]} 5. Nbxd2 {[%emt 0:00:15]} d5 {[%emt 0:00:00]} 6. e3 {[%emt 0:00:08]} O-O {[%emt 0:00:00]} 7. Be2 {[%emt 0:00:17]} Nbd7 {[%emt 0:01:48]} 8. Rc1 {[%emt 0:00:36]} c6 {[%emt 0:00:04]} 9. O-O {[%emt 0:00:14]} Qe7 {[%emt 0:00:06]} 10. Ne5 {[%emt 0:01:21]} Nxe5 {[%emt 0:00:27]} 11. dxe5 {[%emt 0:00:03]} Nd7 {[%emt 0:00:05]} 12. f4 {[%emt 0:00:12]} Rd8 {[%emt 0:04:23]} 13. Qc2 {[%emt 0:01:22]} Nf8 {[%emt 0:02:48]} 14. e4 {[%emt 0:01:28]} f6 {[%emt 0:08:52]} 15. exf6 {[%emt 0:00:39]} gxf6 {[%emt 0:00:05]} 16. Rce1 {[%emt 0:04:49]} d4 {[%emt 0:00:18]} 17. e5 {[%emt 0:00:51]} f5 {[%emt 0:01:31]} 18. c5 {[%emt 0:00:19]} Rb8 {[%emt 0:04:50]} 19. b4 {[%emt 0:05:59]} b5 {[%emt 0:00:20]} 20. Rd1 {[%emt 0:00:39]} Rb7 {[%emt 0:02:28]} 21. Nb3 {[%emt 0:00:27]} Rbd7 {[%emt 0:01:04]} 22. Rd3 {[%emt 0:00:18]} Ng6 {[%emt 0:00:41]} 23. g3 {[%emt 0:01:54]} Qg7 {[%emt 0:00:34]} 24. Qd2 {[%emt 0:00:21]} Ne7 {[%emt 0:00:21]} 25. Bf3 {[%emt 0:03:55]} Rd5 {[%emt 0:03:21]} 26. Bxd5 {[%emt 0:02:38]} Rxd5 {[%emt 0:00:20]} 27. Nxd4 {[%emt 0:00:48]} Bd7 {[%emt 0:00:23]} 28. a4 {[%emt 0:00:21]} bxa4 {[%emt 0:00:49]} 29. Ra1 {[%emt 0:00:04]} Qf8 {[%emt 0:03:29]} 30. Rxa4 {[%emt 0:00:28]} Qb8 {[%emt 0:00:45]} 31. Rda3 {[%emt 0:03:30]} Bc8 {[%emt 0:00:30]} 32. Rxa7 {[%emt 0:00:57]} Bb7 {[%emt 0:00:04]} 33. R7a5 {[%emt 0:06:58]} Qd8 {[%emt 0:00:46]} 34. Rd3 {[%emt 0:00:14]} Qc8 {[%emt 0:00:12]} 35. Qa2 {[%emt 0:01:07]} Kf7 {[%emt 0:01:23]} 36. Qc4 {[%emt 0:00:13]} Kg6 {[%emt 0:00:31]} 37. Kf2 {[%emt 0:00:44]} h5 {[%emt 0:01:39]} 38. Ra7 {[%emt 0:01:10]} Qb8 {[%emt 0:00:23]} 39. Rda3 {[%emt 0:01:24]} Nc8 {[%emt 0:01:05]} 40. R7a5 {[%emt 0:00:46]} Kf7 {[%emt 0:00:13]} 41. b5 {[%emt 0:01:04]} 1-0

[Event "8th RTU Open 2018"]
[Site "Riga"]
[Date "2018.08.07"]
[Round "3"]
[White "Miedema, David"]
[Black "Volotovsky, Kirill"]
[Result "1-0"]
[WhiteElo "2397"]
[BlackElo "2228"]
[Annotator "NA"]
[PlyCount "75"]
[EventDate "2018.08.06"]
[EventType "swiss"]
[EventCountry "LAT"]
[SourceTitle "playchess.com"]
[Source "ChessBase"]
[SourceQuality "1"]
[TimeControl "5400+30"]

1. d4 {[%emt 0:00:00]} Nf6 {[%emt 0:00:00]} 2. c4 {[%emt 0:00:00]} e6 {[%emt 0:00:06]} 3. Nf3 {[%emt 0:00:00]} d5 {[%emt 0:00:29]} 4. g3 {[%emt 0:00:00]} dxc4 {[%emt 0:04:31]} 5. Bg2 {[%emt 0:00:02]} Bb4+ {[%emt 0:00:43]} 6. Bd2 {[%emt 0:00:06]} a5 {[%emt 0:00:19]} 7. O-O {[%emt 0:09:53]} b5 {[%emt 0:05:10]} 8. a4 {[%emt 0:07:23]} Bxd2 {[%emt 0:02:31]} 9. Nfxd2 {[%emt 0:00:41]} Ra7 {[%emt 0:02:25]} 10. Na3 {[%emt 0:00:27]} b4 {[%emt 0:03:37]} 11. Nb5 {[%emt 0:00:16]} Ra6 {[%emt 0:00:45]} 12. Nxc4 {[%emt 0:00:07]} O-O {[%emt 0:02:31]} 13. Rc1 {[%emt 0:03:18]} Ne8 {[%emt 0:07:35]} 14. Ne5 {[%emt 0:00:19]} Bd7 {[%emt 0:01:53]} 15. d5 {[%emt 0:01:56]} Bxb5 {[%emt 0:07:20]} 16. axb5 {[%emt 0:00:06]} Rd6 {[%emt 0:00:24]} 17. Nc4 {[%emt 0:01:19]} Rd7 {[%emt 0:00:27]} 18. Ne5 {[%emt 0:01:06]} Rd6 {[%emt 0:00:25]} 19. Nc4 {[%emt 0:00:05]} Rd7 {[%emt 0:00:04]} 20. Nxa5 {[%emt 0:00:05]} exd5 {[%emt 0:01:05]} 21. Qd4 {[%emt 0:01:55]} Qe7 {[%emt 0:03:26]} 22. e3 {[%emt 0:02:31]} Nf6 {[%emt 0:02:53]} 23. Rc2 {[%emt 0:07:06]} Ne4 {[%emt 0:06:00]} 24. Rfc1 {[%emt 0:03:22]} f5 {[%emt 0:07:23]} 25. Nb3 {[%emt 0:00:31]} Rf7 {[%emt 0:01:48]} 26. Qa7 {[%emt 0:01:16]} Qd8 {[%emt 0:01:17]} 27. Qd4 {[%emt 0:00:38]} Qe7 {[%emt 0:02:00]} 28. Nc5 {[%emt 0:00:15]} Rd8 {[%emt 0:00:44]} 29. Qxb4 {[%emt 0:04:35]} Nd7 {[%emt 0:03:09]} 30. Nd3 {[%emt 0:00:16]} Rb8 {[%emt 0:01:10]} 31. Qd4 {[%emt 0:02:50]} Rxb5 {[%emt 0:01:52]} 32. Rxc7 {[%emt 0:00:08]} Qd6 {[%emt 0:05:29]} 33. R1c6 {[%emt 0:00:41]} Qe7 {[%emt 0:01:48]} 34. b4 {[%emt 0:01:08]} Kh8 {[%emt 0:04:01]} 35. Rxd7 {[%emt 0:04:33]} Qxd7 {[%emt 0:01:12]} 36. Ne5 {[%emt 0:00:04]} Qxc6 {[%emt 0:00:59]} 37. Nxc6 {[%emt 0:00:08]} Rc7 {[%emt 0:00:24]} 38. Bf1 {[%emt 0:00:31]} 1-0

[Event "8th RTU Open 2018"]
[Site "Riga"]
[Date "2018.08.07"]
[Round "3"]
[White "Schekachikhin, Maksim"]
[Black "Chibukhchyan, Erik"]
[Result "0-1"]
[WhiteElo "2392"]
[BlackElo "2214"]
[Annotator "NA"]
[PlyCount "106"]
[EventDate "2018.08.06"]
[EventType "swiss"]
[EventCountry "LAT"]
[SourceTitle "playchess.com"]
[Source "ChessBase"]
[SourceQuality "1"]
[TimeControl "5400+30"]

1. d4 Nf6 2. c4 e6 3. Nf3 b6 4. Nc3 Bb4 5. e3 Bb7 6. Bd3 Ne4 7. Qc2 Bxc3+ 8. bxc3 f5 9. O-O O-O 10. Nd2 Nxd2 11. Bxd2 Nc6 12. Rab1 d6 13. f4 Na5 14. c5 d5 15. Qa4 Bc6 16. Qb4 Qd7 17. Rfc1 Nc4 18. Bxc4 dxc4 19. Qxc4 Be4 20. Rb2 Qc6 21. Qb5 Bxg2 22. Qxc6 Bxc6 23. cxb6 axb6 24. c4 Rf7 25. Bb4 Rd7 26. Kf2 Ra4 27. Rc3 Be4 28. Ke2 Kf7 29. Ra3 Rxa3 30. Bxa3 Rd8 31. Kd2 Ra8 32. Bb4 h6 33. h4 Kg6 34. Bc3 Kh5 35. d5 exd5 36. cxd5 g6 37. Be5 Bxd5 38. Bxc7 Kxh4 39. Rxb6 Rxa2+ 40. Kc3 Bf7 41. Rf6 Be8 42. Rf8 Ra8 43. Be5 Kg4 44. Rh8 h5 45. Bf6 Kf3 46. Bd4 Rc8+ 47. Kd2 Bd7 48. Rh6 Rc6 49. Rh7 Bc8 50. Rh6 Kg3 51. Ke1 h4 52. e4 h3 53. exf5 Bxf5 0-1

[Event "8th RTU Open 2018"]
[Site "Riga"]
[Date "2018.08.07"]
[Round "3"]
[White "Akesson, Ralf"]
[Black "Praggnanandhaa, R."]
[Result "0-1"]
[WhiteElo "2389"]
[BlackElo "2532"]
[Annotator "TA"]
[PlyCount "138"]
[EventDate "2018.08.06"]
[EventType "swiss"]
[EventCountry "LAT"]
[SourceTitle "playchess.com"]
[Source "ChessBase"]
[SourceQuality "1"]

{[%evp 23,138,0,0,-27,16,16,4,0,30,21,17,10,0,6,7,11,8,0,0,0,0,0,0,0,0,0,6,6,0,0,0,0,0,-31,-29,-31,-31,-37,-31,-46,-46,-46,-44,-55,-30,-43,-29,-33,0,-23,-27,-28,-27,-40,-27,-37,-29,-30,-41,-80,-65,-89,-46,-170,-170,-136,-166,-169,-171,-162,-141,-308,-306,-294,-296,-299,-298,-279,-285,-287,-279,-272,-255,-259,0,-264,-256,-248,-127,-274,-253,-232,-212,-220,-208,-198,-198,-240,-240,-666,-268,-666,-660,-622,-629,-603,-585,-575,-564,-533,-198,-503,-55,-710,-662,-839,-787]} 1. d4 Nf6 2. c4 e6 3. Nc3 Bb4 4. Qc2 Nc6 5. Nf3 d6 6. Bd2 O-O 7. a3 Bxc3 8. Bxc3 Qe7 9. e3 e5 10. Be2 {E33: Nimzo-Indian: Classical: 4...Nc6} a5 11. b3 {[%cal Bb2b3,Bb3b4][%mdl 32]} (11. dxe5 dxe5 12. h3 Rd8 13. O-O e4 14. Nd4 Nxd4 15. Bxd4 c5 16. Bc3 a4 17. f4 Bd7 {1-0 (41) Wojtaszek,R (2736)-Nisipeanu,L (2683) Dortmund 2017 CBM 180 [Krasenkow,M]}) 11... Bg4 12. d5 Nb8 {LiveBook: 9 Games} 13. e4 Bh5 14. O-O Nbd7 15. b4 Ra7 $146 ({Predecessor:} 15... Rfc8 16. Rfd1 c6 17. dxc6 bxc6 18. Nh4 {½-½ (18) Szczepankiewicz,D (2452)-Kozlowski,W (2462) ICCF email 2011}) 16. Rfb1 Rfa8 17. Ne1 (17. Re1 {seems wilder.} axb4 18. axb4 c5 19. dxc6 bxc6 20. Rxa7 Rxa7 21. h3) 17... Bxe2 18. Qxe2 axb4 19. axb4 Rxa1 20. Rxa1 Rxa1 21. Bxa1 Qe8 22. f3 Qa8 23. Bc3 Qa3 24. Qb2 Qa7+ 25. Kf1 Qa6 26. Qe2 Nb6 27. c5 Nc4 28. Kf2 Nd7 29. cxd6 cxd6 30. Nc2 b5 31. Ne3 Qa7 32. Qd3 Ndb6 33. Ke2 Qa3 34. Be1 Qa4 35. Qc2 {White wants to play Qxa4.} Qa3 36. Qc3 Qa2+ 37. Qc2 Qa7 {Threatening ...Nxe3.} 38. Qc3 h6 39. Bf2 Qa2+ 40. Qc2 Qa3 41. Nf5 Na4 $1 42. Be1 $1 Kh7 ({Much worse is} 42... g6 $6 43. Nxh6+ Kf8 44. Ng4 $14) 43. Qd3 (43. Bd2 $1 $15) 43... Qb2+ 44. Kf1 Qc1 45. Ke2 Nab2 $36 {[%mdl 2048] Black is in control.} 46. Qb3 g6 47. Ne3 $2 (47. Ng3 $17) 47... Nxe3 $19 48. Qxe3 Qc4+ 49. Kd2 {and the idea Qc3 leaves White hopeful.} Qa2 {And now ...Nc4+ would win.} ({And not} 49... Qxb4+ 50. Kc2 $16) 50. Kc1 Nc4 {( -> ...Qb2+)} 51. Qf2 Qb3 52. Qe2 Qa3+ 53. Kb1 Qb3+ 54. Kc1 Na3 {aiming for ...Qb1+.} 55. Qb2 Qe3+ ({Better is} 55... Qd3 $1 $19 56. Qc3 Qb1+ 57. Kd2 Qa2+ 58. Kc1 Nc4) 56. Kd1 (56. Qd2 $17 Qb3 57. Qb2) 56... Nc4 57. Qa2 Qg1 {White must now prevent ...Ne3+.} 58. Qf2 Qxh2 59. Ke2 Qf4 60. Qa7 {intending g3.} Kg7 61. Qd7 $2 (61. Qa2) 61... Qc1 (61... Qe3+ $142 62. Kf1 Qd3+ 63. Kf2 Nd2 64. Bxd2 Qxd2+ 65. Kf1 Qxb4) 62. Kf2 $2 (62. Qa7) 62... Qc2+ 63. Kg1 Qd1 64. Kf2 Qd4+ 65. Kg3 Qe3 66. Bf2 {[#]} Qf4+ $1 67. Kh3 Qd2 $2 (67... g5 $19 {Hoping for ...Qd2.} 68. Qxb5 {[#]} g4+ $1 {[%mdl 512]} 69. fxg4 Qxe4) 68. Bg1 $2 {[%mdl 8192]} (68. Qxb5 $15 Nb2 69. Qb6) 68... Qxb4 69. f4 Qc3+ {Precision: White = 45%, Black = 67%.} 0-1

[Event "8th RTU Open 2018"]
[Site "Riga"]
[Date "2018.08.07"]
[Round "3"]
[White "Hansen, Mads"]
[Black "Nilssen, Ellen Fredericia"]
[Result "1-0"]
[WhiteElo "2387"]
[BlackElo "2060"]
[Annotator "NA"]
[PlyCount "73"]
[EventDate "2018.08.06"]
[EventType "swiss"]
[EventCountry "LAT"]
[SourceTitle "playchess.com"]
[Source "ChessBase"]
[SourceQuality "1"]
[TimeControl "5400+30"]

1. e4 {[%emt 0:00:00]} e6 {[%emt 0:00:00]} 2. d4 {[%emt 0:00:00]} d5 {[%emt 0:00:00]} 3. Bd3 {[%emt 0:00:00]} dxe4 {[%emt 0:03:47]} 4. Bxe4 {[%emt 0:00:00]} c5 {[%emt 0:02:16]} 5. Ne2 {[%emt 0:01:38]} Nf6 {[%emt 0:02:45]} 6. Bf3 {[%emt 0:00:05]} Be7 {[%emt 0:04:24]} 7. O-O {[%emt 0:05:21]} O-O {[%emt 0:04:59]} 8. c4 {[%emt 0:03:44]} cxd4 {[%emt 0:04:31]} 9. Nxd4 {[%emt 0:01:50]} Nbd7 {[%emt 0:02:00]} 10. Nc3 {[%emt 0:01:20]} Ne5 {[%emt 0:02:51]} 11. Be2 {[%emt 0:00:35]} a6 {[%emt 0:00:48]} 12. h3 {[%emt 0:19:09]} Ng6 {[%emt 0:07:24]} 13. Be3 {[%emt 0:03:34]} Qc7 {[%emt 0:07:22]} 14. Qb3 {[%emt 0:03:03]} Bd7 {[%emt 0:09:12]} 15. Rfd1 {[%emt 0:01:32]} Bc5 {[%emt 0:05:38]} 16. Bg5 {[%emt 0:07:01]} Ne8 {[%emt 0:05:19]} 17. Rac1 {[%emt 0:03:11]} Nd6 {[%emt 0:06:23]} 18. Be3 {[%emt 0:11:36]} Rad8 {[%emt 0:02:12]} 19. Bf1 {[%emt 0:04:41]} Ne5 {[%emt 0:03:15]} 20. Bf4 {[%emt 0:03:06]} Nc6 {[%emt 0:06:04]} 21. Nf3 {[%emt 0:02:06]} Na5 {[%emt 0:04:56]} 22. Qc2 {[%emt 0:00:13]} Qb6 {[%emt 0:00:40]} 23. a3 {[%emt 0:04:47]} Nb3 {[%emt 0:00:05]} 24. Bxd6 {[%emt 0:00:18]} Bxd6 {[%emt 0:00:06]} 25. Rxd6 {[%emt 0:00:15]} Qxd6 {[%emt 0:00:10]} 26. Qxb3 {[%emt 0:00:01]} Bc6 {[%emt 0:00:41]} 27. Be2 {[%emt 0:00:58]} h6 {[%emt 0:04:10]} 28. Qc2 {[%emt 0:03:32]} a5 {[%emt 0:02:07]} 29. Nd1 {[%emt 0:01:54]} Qf4 {[%emt 0:01:05]} 30. Ne3 {[%emt 0:00:09]} Rd7 {[%emt 0:01:27]} 31. Qc3 {[%emt 0:00:14]} Rfd8 {[%emt 0:01:27]} 32. Qxa5 {[%emt 0:05:16]} Be4 {[%emt 0:03:16]} 33. Re1 {[%emt 0:01:40]} Rc8 {[%emt 0:01:17]} 34. Qc3 {[%emt 0:01:46]} g5 {[%emt 0:01:53]} 35. b4 {[%emt 0:00:32]} f5 {[%emt 0:01:41]} 36. Qf6 {[%emt 0:00:16]} Rc6 {[%emt 0:01:01]} 37. Ne5 {[%emt 0:00:35]} 1-0

[Event "8th RTU Open 2018"]
[Site "Riga"]
[Date "2018.08.07"]
[Round "3"]
[White "Rostgaard, Tobias Valentin"]
[Black "Nair, Sanjeev"]
[Result "1-0"]
[WhiteElo "2386"]
[BlackElo "1942"]
[Annotator "NA"]
[PlyCount "85"]
[EventDate "2018.08.06"]
[EventType "swiss"]
[EventCountry "LAT"]
[SourceTitle "playchess.com"]
[Source "ChessBase"]
[SourceQuality "1"]
[TimeControl "5400+30"]

1. d4 {[%emt 0:00:00]} d5 {[%emt 0:00:08]} 2. Bf4 {[%emt 0:00:00]} Nf6 {[%emt 0:00:19]} 3. e3 {[%emt 0:00:00]} c5 {[%emt 0:00:23]} 4. Nf3 {[%emt 0:00:16]} Nc6 {[%emt 0:00:16]} 5. Nbd2 {[%emt 0:00:07]} Bf5 {[%emt 0:06:58]} 6. dxc5 {[%emt 0:00:11]} e6 {[%emt 0:03:02]} 7. Nb3 {[%emt 0:00:36]} Be7 {[%emt 0:02:00]} 8. Nfd4 {[%emt 0:01:45]} O-O {[%emt 0:16:00]} 9. Nxf5 {[%emt 0:06:24]} exf5 {[%emt 0:00:05]} 10. Bd3 {[%emt 0:00:51]} g6 {[%emt 0:00:18]} 11. O-O {[%emt 0:00:18]} Nd7 {[%emt 0:01:27]} 12. Qf3 {[%emt 0:03:25]} Nxc5 {[%emt 0:05:14]} 13. Nxc5 {[%emt 0:00:16]} Bxc5 {[%emt 0:00:06]} 14. c3 {[%emt 0:00:55]} Qd7 {[%emt 0:08:31]} 15. Rad1 {[%emt 0:00:23]} Qe6 {[%emt 0:00:17]} 16. Bc2 {[%emt 0:00:37]} Rfd8 {[%emt 0:00:33]} 17. Bb3 {[%emt 0:01:06]} Ne7 {[%emt 0:00:51]} 18. Bg5 {[%emt 0:00:27]} f6 {[%emt 0:01:21]} 19. Bh4 {[%emt 0:03:34]} Kg7 {[%emt 0:01:13]} 20. Rd2 {[%emt 0:00:29]} Rd7 {[%emt 0:06:35]} 21. Rfd1 {[%emt 0:00:20]} Rad8 {[%emt 0:00:09]} 22. Bg3 {[%emt 0:01:53]} a6 {[%emt 0:05:53]} 23. h3 {[%emt 0:05:52]} Ba7 {[%emt 0:08:35]} 24. c4 {[%emt 0:04:29]} dxc4 {[%emt 0:06:15]} 25. Bxc4 {[%emt 0:01:02]} Rxd2 {[%emt 0:05:58]} 26. Rxd2 {[%emt 0:00:20]} Qxc4 {[%emt 0:02:58]} 27. Rxd8 {[%emt 0:00:08]} Qc1+ {[%emt 0:01:26]} 28. Kh2 {[%emt 0:01:12]} Qxb2 {[%emt 0:03:33]} 29. Rd7 {[%emt 0:00:19]} Bc5 {[%emt 0:00:10]} 30. Qd5 {[%emt 0:01:02]} Qb4 {[%emt 0:02:04]} 31. Rxb7 {[%emt 0:01:45]} Qa3 {[%emt 0:00:30]} 32. Qd8 {[%emt 0:01:26]} g5 {[%emt 0:02:09]} 33. Rb8 {[%emt 0:01:17]} Ng6 {[%emt 0:01:13]} 34. Qg8+ {[%emt 0:00:18]} Kh6 {[%emt 0:00:04]} 35. Rb7 {[%emt 0:00:13]} Be7 {[%emt 0:00:43]} 36. Bc7 {[%emt 0:03:03]} Qc5 {[%emt 0:01:26]} 37. Qe6 {[%emt 0:03:34]} a5 {[%emt 0:07:10]} 38. Bb8 {[%emt 0:03:35]} a4 {[%emt 0:00:28]} 39. Rd7 {[%emt 0:00:45]} Qc8 {[%emt 0:01:42]} 40. Bd6 {[%emt 0:10:04]} Nf8 {[%emt 0:00:20]} 41. Qxe7 {[%emt 0:00:27]} Nxd7 {[%emt 0:00:17]} 42. h4 {[%emt 0:00:14]} gxh4 {[%emt 0:01:19]} 43. Qf7 {[%emt 0:00:29]} 1-0

[Event "8th RTU Open 2018"]
[Site "Riga"]
[Date "2018.08.07"]
[Round "3"]
[White "Saveliev, Alexei"]
[Black "Thybo, Jesper Sondergaard"]
[Result "0-1"]
[WhiteElo "2382"]
[BlackElo "2496"]
[Annotator "TA"]
[PlyCount "64"]
[EventDate "2018.08.06"]
[EventType "swiss"]
[EventCountry "LAT"]
[SourceTitle "playchess.com"]
[Source "ChessBase"]
[SourceQuality "1"]

{[%evp 30,64,0,0,6,-25,-25,-23,-19,-18,-8,-20,-16,-23,-2,-22,-2,-84,0,-23,-15,-14,-25,-63,-50,-88,-79,-88,-72,-78,-69,-96,-109,-114,-114,-433,-420]} 1. e4 e5 2. Nf3 Nc6 3. Bb5 a6 4. Ba4 Nf6 5. O-O Be7 6. Re1 b5 7. Bb3 d6 8. c3 O-O 9. h3 Nb8 10. d4 Nbd7 11. c4 c6 12. c5 Qc7 {C95: Spanische Partie (Breyer-Variante)} 13. cxd6 Bxd6 14. Bg5 exd4 (14... Re8 15. dxe5 Bxe5 16. Nxe5 Qxe5 17. Qc1 c5 18. Bf4 Qe7 19. Nc3 c4 20. e5 cxb3 21. exf6 Qxe1+ 22. Qxe1 Rxe1+ 23. Rxe1 Nxf6 24. axb3 {½-½ (38) Saveliev,A (2354)-Goganov,A (2570) St Petersburg 2018}) 15. Bxf6 gxf6 16. Nxd4 {LiveBook: 4 Partien. Schwarz muss nun Sf5 beachten.} Nc5 {zielt auf ...Le5 ab.} 17. Nf5 Bxf5 18. exf5 Rad8 {[#] Droht ...Lh2+ und aus.} 19. Qg4+ Kh8 {und nun wäre ...Sd3 stark für Schwarz.} 20. Nc3 Be5 $146 21. Rad1 Nd3 $36 {[%mdl 2048] Schwarz drückt.} 22. Re4 $1 Rg8 23. Qh4 {[#]} (23. Qf3 $11 {bleibt in der Remisbreite.} Nxb2 24. Rxd8 Qxd8 25. Bxf7) 23... Nc5 ({Lieber} 23... b4 $1 $17 {[%cal Rb4c3]} 24. Na4 Nf4) 24. Ree1 Rxd1 25. Rxd1 Rd8 26. Qb4 Nxb3 27. axb3 Rxd1+ 28. Nxd1 {[%cal Rb4f8]} c5 29. Qd2 Bd4 30. b4 Qe5 31. bxc5 Bxc5 32. g4 $2 {[%mdl 8192]} (32. Kf1 $17 {war die entscheidende Verteidigung.}) 32... Qg3+ $1 {Precision: Weiß = 23%, Schwarz = 54%.} 0-1

[Event "8th RTU Open 2018"]
[Site "Riga"]
[Date "2018.08.07"]
[Round "3"]
[White "Chekletsov, Ilya"]
[Black "Bluebaum, Matthias"]
[Result "1/2-1/2"]
[WhiteElo "2379"]
[BlackElo "2637"]
[Annotator "TA"]
[PlyCount "48"]
[EventDate "2018.08.06"]
[EventType "swiss"]
[EventCountry "LAT"]
[SourceTitle "playchess.com"]
[Source "ChessBase"]
[SourceQuality "1"]

{[%evp 16,48,12,18,23,0,0,0,0,0,0,0,12,0,0,6,0,0,12,0,10,19,6,8,16,6,38,38,38,29,32,25,33,31,35]} 1. d4 d5 2. c4 e6 3. Nf3 Nf6 4. g3 dxc4 5. Bg2 Bb4+ 6. Bd2 a5 7. Qc2 {E04: Open Catalan: 5 Nf3} (7. a3 Bd6 8. Qa4+ Nc6 9. Qxc4 O-O 10. Bc3 Qe8 11. Ne5 Nd5 12. Nxc6 bxc6 13. Qd3 Ba6 14. Qc2 c5 15. dxc5 Bxc5 16. O-O Bb6 {½-½ (16) Wojtaszek,R (2738)-Korobov,A (2664) Batumi 2018}) 7... b6 8. Qxc4 Ba6 9. Qc2 {LiveBook: 5 Games. The position is equal.} c5 $146 ({Predecessor:} 9... O-O 10. Nc3 Bb7 11. O-O Nbd7 12. Rad1 Rc8 13. Bg5 Qe8 14. a3 Bxc3 15. Qxc3 {1-0 (70) Gavrilov,A (2501)-Horvath,J (2538) Vaujany 2015}) 10. a3 Bxd2+ 11. Nfxd2 Nbd7 12. dxc5 {[#] And now c6 would win.} Rc8 $1 13. c6 Nb8 14. Nc3 Nxc6 15. Nf3 O-O 16. O-O b5 17. Rfd1 Qe7 18. Nd4 Nxd4 19. Rxd4 e5 20. Rdd1 Bb7 21. Bxb7 Qxb7 22. Qd3 b4 23. axb4 axb4 24. Nd5 Nxd5 {Precision: White = 75%, Black = 53%.} 1/2-1/2

[Event "8th RTU Open 2018"]
[Site "Riga"]
[Date "2018.08.07"]
[Round "3"]
[White "Nikitenko, Mihail"]
[Black "Kaczur, Florian"]
[Result "0-1"]
[WhiteElo "2374"]
[BlackElo "2482"]
[Annotator "RC"]
[PlyCount "108"]
[EventDate "2018.08.06"]
[EventType "swiss"]
[EventCountry "LAT"]
[SourceTitle "playchess.com"]
[Source "ChessBase"]
[SourceQuality "1"]
[TimeControl "5400+30"]

1. e4 {[%emt 0:00:00]} e5 {[%emt 0:00:00]} 2. Nf3 {[%emt 0:00:00]} Nc6 {[%emt 0:00:00]} 3. Bb5 {[%emt 0:00:00]} f5 {[%emt 0:01:31]} 4. d3 {[%emt 0:00:00]} fxe4 {[%emt 0:00:05]} 5. dxe4 {[%emt 0:00:00]} Nf6 {[%emt 0:00:09]} 6. Qd3 {[%emt 0:00:27]} d6 {[%emt 0:01:21]} 7. Nc3 {[%emt 0:02:15]} a6 {[%emt 0:08:18]} 8. Ba4 {[%emt 0:01:37]} b5 {[%emt 0:02:25]} 9. Bb3 {[%emt 0:00:06]} Na5 {[%emt 0:00:43]} 10. O-O {[%emt 0:08:59]} Nxb3 {[%emt 0:02:06]} 11. axb3 {[%emt 0:00:05]} c6 {[%emt 0:03:20]} 12. Ne2 {[%emt 0:11:38]} Be7 {[%emt 0:05:30]} 13. c4 {[%emt 0:02:27]} Bb7 {[%emt 0:07:25]} 14. Ng3 {[%emt 0:00:19]} O-O {[%emt 0:00:37]} 15. c5 {[%emt 0:11:24]} dxc5 {[%emt 0:11:45]} 16. Qc3 {[%emt 0:01:57]} Qc7 {[%emt 0:08:05]} 17. Be3 {[%emt 0:01:59]} Rae8 {[%emt 0:03:56]} 18. Bxc5 {[%emt 0:05:14]} Bxc5 {[%emt 0:00:43]} 19. Qxc5 {[%emt 0:00:04]} Nd7 {[%emt 0:00:27]} 20. Qe3 {[%emt 0:00:40]} c5 {[%emt 0:00:53]} 21. Rac1 {[%emt 0:02:30]} Rc8 {[%emt 0:01:20]} 22. Ng5 {[%emt 0:10:04]} Qc6 {[%emt 0:06:05]} 23. Rfd1 {[%emt 0:00:07]} Nb6 {[%emt 0:00:32]} 24. f3 {[%emt 0:01:18]} g6 {[%emt 0:02:20]} 25. Nh3 {[%emt 0:01:56]} c4 {[%emt 0:01:57]} 26. Nf2 {[%emt 0:01:42]} Qe6 {[%emt 0:05:02]} 27. Qh6 {[%emt 0:05:58]} Qe7 {[%emt 0:01:26]} 28. bxc4 {[%emt 0:05:13]} Nxc4 {[%emt 0:00:47]} 29. Rc2 {[%emt 0:00:05]} Rfd8 {[%emt 0:01:45]} 30. Rxd8+ {[%emt 0:01:39]} Rxd8 {[%emt 0:00:06]} 31. h4 {[%emt 0:00:26]} Nd6 {[%emt 0:03:00]} 32. Qg5 {[%emt 0:11:14]} Kf8 {[%emt 0:03:43]} 33. Ng4 {[%emt 0:02:01]} Nf7 {[%emt 0:00:28]} 34. Qxe7+ {[%emt 0:01:17]} Kxe7 {[%emt 0:00:03]} 35. Rc7+ {[%emt 0:00:37]} Rd7 {[%emt 0:00:05]} 36. Rxd7+ {[%emt 0:00:03]} Kxd7 {[%emt 0:00:07]} 37. Nf6+ {[%emt 0:00:04]} Ke7 {[%emt 0:00:17]} 38. Nxh7 {[%emt 0:00:15]} b4 {[%emt 0:00:40]} 39. Ne2 {[%emt 0:04:47]} a5 {[%emt 0:03:58]} 40. b3 {[%emt 0:00:13]} Bc8 {[%emt 0:01:04]} 41. Kf2 {[%emt 0:00:37]} Be6 {[%emt 0:00:26]} 42. Nc1 {[%emt 0:00:04]} Nd6 {[%emt 0:00:58]} 43. Ng5 {[%emt 0:02:02]} Bg8 {[%emt 0:02:23]} 44. g3 {[%emt 0:02:32]} Nb5 {[%emt 0:01:10]} 45. f4 {[%emt 0:00:25]} exf4 {[%emt 0:01:41]} 46. gxf4 {[%emt 0:00:17]} Nd4 {[%emt 0:00:05]} 47. Nf3 {[%emt 0:00:21]} Nxb3 {[%emt 0:00:34]} 48. Nxb3 {[%emt 0:00:16]} Bxb3 {[%emt 0:00:09]} 49. Nd4 {[%emt 0:00:12]} Ba4 {[%emt 0:00:50]} 50. Ke3 {[%emt 0:00:03]} b3 {[%emt 0:02:18]} 51. Nxb3 {[%emt 0:00:37]} Bxb3 {[%emt 0:00:13]} 52. Kd2 {[%emt 0:00:03]} Be6 {[%emt 0:00:34]} 53. Kc3 {[%emt 0:01:00]} Kf6 {[%emt 0:00:22]} 54. Kb2 {[%emt 0:00:27]} Bf5 {[%emt 0:00:43]} 0-1